Expressions langues régional - Statistiques

Statistiques générales
  • Ce quiz a été pris 28 fois
  • Le résultat moyen est 3 sur 10
Statistiques - réponses
Signification Traduction en langue régional % Correct
Croissant au chocolat Chocolatine / pain au chocolat
92%
Beaucoup tarpin
54%
Sac Poche
46%
Crayon de papier Crayon à papier
27%
Beaucoup / très Gavé
27%
prendre la tête emboucaner
19%
être mouillé Gaugé
4%
Une gorgée Schlouk
4%
perdre son temps Bouiner
0%
Poussières Chenilles
0%
Aucun quiz correspondant
Distribution des résultats
% des personnes avec chaque résultat
Percentile par nombre de réponses
Votre historique - résultats
Vous n’avez pas pris ce quiz